Statistics for Oldest Living NFL Players to Lead the NFL in sacks

Click here to take the quiz!

General Stats

  • This quiz has been taken 2 times
  • The average score is 2 of 10

Answer Stats

AgePlayer% Correct
64Lawrence Taylor
100%
81Carl Eller
50%
77Fred Dryer
50%
66Al Baker
0%
66Doug Martin
0%
73Jack Youngblood
0%
69Joe Klecko
0%
72John Dutton
0%
66Mark Gastineau
0%
62Richard Dent
0%

Score Distribution

Percentile by Number Answered

Percent of People with Each Score

Your Score History

You have not taken this quiz